00502 a2200169 4500000002100000001000700021005001700028008004100045020001800086082002100104100004600125245007100171260003600242300001000278630001600288700002800304BKB 14138820200902165526.0  a9788131605684 a305.560954bS97M aMarginality, exclusion and social justice1 aMarginality, exclusion and social justicecedited by Ashish Saxena aJaipurbRawat Publicationc2013 a336p. aSocial Work aSaxena, Ashish, ed.bc